Phong cách PR chuyên nghiệp

Cuốn sách này đi sâu vào quy trình làm việc của một chuyên viên PR trong môi trường kinh doanh thực tế. Cung cấp cho độc giả những phương pháp, những hướng dẫn cụ thể, đọc xong quyển sách này ít nhiều khi đặt bút xuống viết một TCBC, bạn s...

Полное описание

Сохранить в:
Библиографические подробности
Главный автор: Hoàng Xuân Phương
Другие авторы: Nguyễn Thị Ngọc Châu
Формат:
Язык:Vietnamese
Опубликовано: H. Lao động - Xã hội 2015
Предметы:
Метки: Добавить метку
Нет меток, Требуется 1-ая метка записи!
Thư viện lưu trữ: Thư viện Trường Đại học Nam Cần Thơ
LEADER 01821nam a22002417a 4500
001 NCT_40600
008 180609b xxu||||| |||| 00| 0 vie d
999 |c 1951  |d 1951 
020 |a 9786046503552  |c 59000 
082 0 4 |2 23rd ed.  |a 659.2  |b Ph561 
100 1 |a Hoàng Xuân Phương 
245 1 0 |a Phong cách PR chuyên nghiệp  |c Hoàng Xuân Phương, Nguyễn Thị Ngọc Châu 
260 |a H.  |b Lao động - Xã hội  |c 2015 
300 |a 227 tr.  |b hình ảnh, bảng  |c 21 cm 
520 3 |a Cuốn sách này đi sâu vào quy trình làm việc của một chuyên viên PR trong môi trường kinh doanh thực tế. Cung cấp cho độc giả những phương pháp, những hướng dẫn cụ thể, đọc xong quyển sách này ít nhiều khi đặt bút xuống viết một TCBC, bạn sẽ biết bắt đầu từ đâu. Khi muốn tiếp xúc với một phóng viên, bạn sẽ biết mình nên làm gì đầu tiên. 
653 |a Quan hệ công chúng 
700 |a Nguyễn Thị Ngọc Châu 
942 |2 ddc  |c BK 
952 |0 0  |1 0  |2 ddc  |4 0  |6 659_200000000000000_PH561  |7 0  |9 10250  |a 000001  |b 000001  |d 2018-06-09  |o 659.2 Ph561  |p MD.08100  |r 2018-06-09  |v 59000.00  |w 2018-06-09  |y BK 
952 |0 0  |1 0  |2 ddc  |4 0  |6 659_200000000000000_PH561  |7 0  |9 10251  |a 000001  |b 000001  |d 2018-06-09  |o 659.2 Ph561  |p MD.08103  |r 2018-06-09  |v 59000.00  |w 2018-06-09  |y BK 
952 |0 0  |1 0  |2 ddc  |4 0  |6 659_200000000000000_PH561  |7 0  |9 10252  |a 000001  |b 000001  |d 2018-06-09  |o 659.2 Ph561  |p MD.08109  |r 2018-06-09  |v 59000.00  |w 2018-06-09  |y BK 
952 |0 0  |1 0  |2 ddc  |4 0  |6 659_200000000000000_PH561  |7 0  |9 10253  |a 000001  |b 000001  |d 2018-06-09  |o 659.2 Ph561  |p MD.08106  |r 2018-06-09  |v 59000.00  |w 2018-06-09  |y BK 
980 |a Thư viện Trường Đại học Nam Cần Thơ